Doing qualitative research online (Record no. 395440)

MARC details
000 -LEADER
fixed length control field 00536 a2200205 4500
005 - DATE & TIME
control field 20260129105448.0
008 - FIXED-LENGTH DATA ELEMENTS--GENERAL INFORMATION
fixed length control field 260128b |||||||| |||| 00| 0 eng d
020 ## - ISBN
International Standard Book Number 9781529714128
Price $ 58.00
040 ## - CATALOGING SOURCE
Original cataloging agency VIVEKANANDA LIBRARY
082 ## - DDC NUMBER
Classification number 300.72
Book Number S35D(2)
100 ## - MAIN ENTRY--PERSONAL NAME
Personal name Salmons, Janet E
245 ## - TITLE STATEMENT
Title Doing qualitative research online
250 ## - EDITION STATEMENT
Edition statement 2nd
260 ## - PUBLICATION, DISTRIBUTION, ETC. (IMPRINT)
Name of publisher, distributor, etc Sage Publications
Date of publication, distribution, etc 2022
Place of publication, distribution, etc London
300 ## - PHYSICAL DESCRIPTION
Pages xxxvi, 344
650 ## - Subject
Subject Social Science
650 ## - Subject
Subject Qualitative Research Methods
650 ## - Subject
Subject Digital Methods
942 ## - ADDED ENTRY ELEMENTS (KOHA)
Koha item type Books
Holdings
Withdrawn status Lost status Source of classification or shelving scheme Damaged status Not for loan Location (home branch) Sublocation or collection (holding branch) Shelving location Date acquired Koha issues (times borrowed) Koha full call number Accession No. Koha date last seen Koha item type
    Dewey Decimal Classification     VIVEKANANDA LIBRARY VIVEKANANDA LIBRARY Vivekananda Library 22/12/2025   300.72 S35D(2) 443779 22/12/2025 Books
© Designed and Maintained by Vivekananda Library, MDU Rohtak